|
|
|
|
| LEADER |
00929nam a2200229 a 4500 |
| 001 |
1266 |
| 008 |
130620s1971 ilua bs 000 0 eng d |
| 010 |
|
|
|a 73162789
|
| 040 |
|
|
|a DLC
|c DLC
|d DLC
|d BD-DhAAL
|
| 082 |
0 |
0 |
|a 301.32/1
|
| 100 |
1 |
|
|a Bogue, Donald Joseph,
|d 1918-
|
| 245 |
1 |
0 |
|a Demographic techniques of fertility analysis /
|c by Donald J. Bogue.
|
| 260 |
|
|
|a Chicago :
|b Community and Family Study Center, University of Chicago,
|c c1971.
|
| 300 |
|
|
|a iv, 116 p. :
|b illus. ;
|c 23 cm.
|
| 490 |
|
0 |
|a Family planning research and evaluation manual,
|v no. 2
|
| 500 |
|
|
|a Cover title.
|
| 504 |
|
|
|a Includes bibliographical references.
|
| 541 |
|
|
|e 1266
|
| 650 |
|
0 |
|a Fertility, Human.
|
| 852 |
1 |
|
|a Ayesha Abed Library
|j General shelf.
|
| 999 |
|
|
|c 13613
|d 13613
|
| 952 |
|
|
|0 0
|1 4
|2 ddc
|4 0
|6 301_321000000000000_BOG
|7 0
|9 22782
|a BRACUL
|b BRACUL
|c GEN
|d 2013-06-23
|g 210.00
|l 0
|o 301.321 BOG
|p 3010001266
|r 2013-06-23
|t 1
|w 2013-06-23
|y BK
|x Koha Inventory 2020
|